[Event "18. Obert Int. Sant Marti 2016"]
[Site "Barcelona ESP"]
[Date "2016.07.19"]
[Round "7.18"]
[White "Li, Di"]
[Black "Brzezinski, Adam"]
[Result "1-0"]
[WhiteElo "2426"]
[BlackElo "2208"]
[PlyCount "99"]
[EventDate "2016.07.13"]
[EventType "swiss"]
[EventRounds "9"]
[EventCountry "ESP"]
[SourceTitle "Ajedrez en Madrid"]
[Source "lmi"]
[SourceDate "2016.07.13"]
[SourceVersion "1"]
[SourceVersionDate "2019.06.21"]
[SourceQuality "1"]

1. b3 d5 2. Bb2 Nf6 3. e3 Bf5 4. Nf3 e6 5. Be2 h6 6. O-O Be7 7. d3 O-O 8. Nbd2
Bh7 9. Ne5 c5 10. f4 a5 11. a4 Na6 12. Rf3 Ne8 13. Rh3 f6 14. Nef3 Nd6 15. Nh4
Nb4 16. Bh5 c4 17. Rg3 Qd7 18. bxc4 dxc4 19. Qg4 Bd8 20. Bg6 cxd3 21. Bxh7+
Kxh7 22. Qg6+ Kh8 23. cxd3 Nf5 24. Nxf5 exf5 25. Nc4 Bc7 26. h4 Rad8 27. Ra3
Qf7 28. Qxf5 Nxd3 29. Rxd3 Qxc4 30. Rxd8 Bxd8 31. Qd7 Qf7 32. Qb5 Qc7 33. Bd4
Qc6 34. Qxc6 bxc6 35. e4 Be7 36. Rc3 Rd8 37. Bb6 Rb8 38. Bc5 Bxc5+ 39. Rxc5 Rb4
40. Rxa5 Rxe4 41. g3 Re2 42. Ra8+ Kh7 43. h5 Ra2 44. a5 c5 45. Kf1 c4 46. Ke1
Rg2 47. Rc8 Rxg3 48. Rxc4 g5 49. Rc7+ Kg8 50. a6 1-0

[Event "18. Obert Int. Sant Marti 2016"]
[Site "Barcelona ESP"]
[Date "2016.07.19"]
[Round "7.19"]
[White "Martinez Lopez, Ivan"]
[Black "Cruz, Filemon"]
[Result "1-0"]
[WhiteElo "2242"]
[BlackElo "2407"]
[PlyCount "119"]
[EventDate "2016.07.13"]
[EventType "swiss"]
[EventRounds "9"]
[EventCountry "ESP"]
[SourceTitle "Ajedrez en Madrid"]
[Source "lmi"]
[SourceDate "2016.07.13"]
[SourceVersion "1"]
[SourceVersionDate "2019.06.21"]
[SourceQuality "1"]

1. Nf3 c5 2. g3 Nc6 3. c4 g6 4. Bg2 Bg7 5. O-O b6 6. Nc3 Bb7 7. e4 d6 8. Re1 e6
9. d3 Nge7 10. Bg5 O-O 11. Qd2 Re8 12. Rad1 Qd7 13. h4 Ne5 14. b3 N7c6 15. Ne2
a5 16. Nh2 a4 17. Bh6 Nb4 18. Bxg7 Kxg7 19. Nc1 axb3 20. axb3 Nec6 21. Ng4 Qe7
22. Qh6+ Kh8 23. f4 f6 24. e5 dxe5 25. fxe5 Nxe5 26. Nxe5 fxe5 27. Qe3 Bxg2 28.
Qxe5+ Kg8 29. Kxg2 Nc6 30. Qe4 Nd4 31. Rd2 Rf8 32. Rdd1 Qd6 33. Rf1 Qc6 34.
Rxf8+ Kxf8 35. Qxc6 Nxc6 36. Kf2 Ra3 37. Ke3 Nd4 38. Ne2 Nc6 39. Rb1 Ke7 40.
Nc3 Nd4 41. Rb2 Kd7 42. Ne4 Kc6 43. Ng5 h5 44. Nf3 Nxf3 45. Kxf3 Ra1 46. Rf2
Rd1 47. Ke4 Kd6 48. Rf6 Re1+ 49. Kf4 Rf1+ 50. Kg5 Rb1 51. Kxg6 Rxb3 52. Kxh5
Rxd3 53. g4 b5 54. cxb5 c4 55. g5 c3 56. Rf1 c2 57. Rc1 Rc3 58. g6 Ke7 59. Kh6
Kf8 60. b6 1-0

[Event "18. Obert Int. Sant Marti 2016"]
[Site "Barcelona ESP"]
[Date "2016.07.19"]
[Round "7.20"]
[White "Patil, Pratik"]
[Black "Lorenzo De La Riva, Lazaro"]
[Result "0-1"]
[WhiteElo "2219"]
[BlackElo "2370"]
[PlyCount "94"]
[EventDate "2016.07.13"]
[EventType "swiss"]
[EventRounds "9"]
[EventCountry "ESP"]
[SourceTitle "Ajedrez en Madrid"]
[Source "lmi"]
[SourceDate "2016.07.13"]
[SourceVersion "1"]
[SourceVersionDate "2019.06.21"]
[SourceQuality "1"]

1. e4 g6 2. d4 Bg7 3. Nc3 c5 4. Nf3 cxd4 5. Nxd4 Nc6 6. Be3 Nf6 7. Be2 O-O 8.
O-O d6 9. Nb3 a6 10. f4 b5 11. Bf3 Bb7 12. Qd2 Nd7 13. Nd4 Nxd4 14. Bxd4 e5 15.
Be3 exf4 16. Bxf4 Ne5 17. Rad1 Nc4 18. Qf2 Qa5 19. Bxd6 Nxb2 20. Bxf8 Rxf8 21.
Nd5 Nxd1 22. Rxd1 Kh8 23. Qb6 Qxb6+ 24. Nxb6 h5 25. Rd7 Bc8 26. Nxc8 Rxc8 27.
Bd1 Rc4 28. Rxf7 Ra4 29. c4 Rxa2 30. cxb5 axb5 31. Bb3 Rb2 32. Bd5 b4 33. Rf3
Bc3 34. h4 Kg7 35. Kh2 Kh6 36. Kh3 Rb1 37. g4 Rh1+ 38. Kg2 Rxh4 39. gxh5 Kxh5
40. Rh3 Rxh3 41. Kxh3 Kg5 42. Kg3 Be5+ 43. Kf3 Kh4 44. Bf7 g5 45. Be6 Bd4 46.
Bb3 g4+ 47. Kf4 g3 0-1

[Event "18. Obert Int. Sant Marti 2016"]
[Site "Barcelona ESP"]
[Date "2016.07.19"]
[Round "7.21"]
[White "Liu, Chang"]
[Black "Sadhwani, Raunak"]
[Result "1/2-1/2"]
[WhiteElo "2361"]
[BlackElo "2122"]
[PlyCount "185"]
[EventDate "2016.07.13"]
[EventType "swiss"]
[EventRounds "9"]
[EventCountry "ESP"]
[SourceTitle "Ajedrez en Madrid"]
[Source "lmi"]
[SourceDate "2016.07.13"]
[SourceVersion "1"]
[SourceVersionDate "2019.06.21"]
[SourceQuality "1"]

1. e4 c5 2. Nf3 d6 3. g3 Nc6 4. Bg2 Nf6 5. Qe2 e5 6. O-O Be7 7. c3 O-O 8. Rd1
Re8 9. h3 Bf8 10. d3 d5 11. Bg5 Be6 12. Nbd2 h6 13. Bxf6 Qxf6 14. Ng5 dxe4 15.
Ndxe4 Qe7 16. Nxe6 Qxe6 17. Nd2 Rad8 18. Nc4 g6 19. Ne3 Bg7 20. Qg4 f5 21. Qc4
Qxc4 22. Nxc4 Re6 23. a4 b6 24. Kf1 Na5 25. Nxa5 bxa5 26. Ke2 Rb6 27. Rab1 Kf8
28. Kd2 Bf6 29. Kc2 Rbd6 30. Bf3 Ke7 31. Ra1 Rb8 32. h4 Rdb6 33. Rab1 h5 34.
Bd5 Rd6 35. Bc4 Rdb6 36. Re1 Kf8 37. Bb5 Kg7 38. Re2 Kh6 39. Bc4 Kg7 40. b3 Rd8
41. Rbe1 Rc6 42. Rh1 Rh8 43. Rf1 Rc7 44. Rfe1 Rf8 45. Re3 Rh8 46. Bd5 Rd8 47.
Be6 Rc6 48. Bc4 Rc7 49. R3e2 Rc6 50. f3 Rh8 51. Kd2 Rc7 52. Rxe5 Bxe5 53. Rxe5
Rd8 54. Re6 Rf8 55. Ke3 Rf6 56. Re8 Rf8 57. Re5 Rd8 58. d4 cxd4+ 59. cxd4 Kf8
60. Rxa5 Re7+ 61. Re5 a5 62. f4 Ra8 63. d5 Rd8 64. Kd4 Red7 65. Re6 Rd6 66.
Rxd6 Rxd6 67. Kc5 Rd8 68. d6 Rc8+ 69. Kd5 Ke8 70. Ke6 Kd8 71. Kf6 Rc6 72. Kxg6
Rxd6+ 73. Kxh5 Rd2 74. Kg5 Rg2 75. h5 Ke7 76. Kxf5 Rxg3 77. Ke5 Rh3 78. f5 Rxh5
79. Be6 Rh4 80. f6+ Kf8 81. Bc4 Rh6 82. Ke6 Rg6 83. Bd5 Rh6 84. Ke5 Rh5+ 85.
Kd6 Rh6 86. Ke5 Rh5+ 87. Kd4 Rf5 88. f7 Rf4+ 89. Kc5 Rb4 90. Bc4 Ke7 91. Kc6
Kf8 92. Kd6 Rb6+ 93. Kc5 1/2-1/2

[Event "18. Obert Int. Sant Marti 2016"]
[Site "Barcelona ESP"]
[Date "2016.07.19"]
[Round "7.22"]
[White "Glimbrant, Torbjorn"]
[Black "Dardha, Arben"]
[Result "1-0"]
[WhiteElo "2203"]
[BlackElo "2330"]
[PlyCount "43"]
[EventDate "2016.07.13"]
[EventType "swiss"]
[EventRounds "9"]
[EventCountry "ESP"]
[SourceTitle "Ajedrez en Madrid"]
[Source "lmi"]
[SourceDate "2016.07.13"]
[SourceVersion "1"]
[SourceVersionDate "2019.06.21"]
[SourceQuality "1"]

1. Nf3 d5 2. d4 Nf6 3. c4 e6 4. Nc3 Nbd7 5. e3 g6 6. Qb3 c6 7. Bd2 Bg7 8. Bd3
O-O 9. O-O dxc4 10. Bxc4 b5 11. Be2 Rb8 12. Rfd1 Qe7 13. Qc2 e5 14. a3 a6 15.
Na2 c5 16. dxc5 Qxc5 17. Qxc5 Nxc5 18. Bb4 Nb3 19. Bxf8 Kxf8 20. Rd8+ Ke7 21.
Rad1 Nd7 22. R1xd7+ 1-0

[Event "18. Obert Int. Sant Marti 2016"]
[Site "Barcelona ESP"]
[Date "2016.07.19"]
[Round "7.23"]
[White "Lillo Castany, Victor"]
[Black "Yashas, D.."]
[Result "1-0"]
[WhiteElo "2312"]
[BlackElo "2201"]
[PlyCount "37"]
[EventDate "2016.07.13"]
[EventType "swiss"]
[EventRounds "9"]
[EventCountry "ESP"]
[SourceTitle "Ajedrez en Madrid"]
[Source "lmi"]
[SourceDate "2016.07.13"]
[SourceVersion "1"]
[SourceVersionDate "2019.06.21"]
[SourceQuality "1"]

1. e4 e6 2. d4 d5 3. Nd2 c5 4. Ngf3 cxd4 5. exd5 Qxd5 6. Bc4 Qd6 7. O-O Nf6 8.
Nb3 Nc6 9. Nbxd4 Nxd4 10. Nxd4 Be7 11. Be3 O-O 12. Qf3 a6 13. Bb3 Qc7 14. Rad1
Bd6 15. Qh3 e5 16. Nf5 e4 17. Rxd6 Bxf5 18. Qg3 Rfd8 19. Rxf6 1-0

[Event "18. Obert Int. Sant Marti 2016"]
[Site "Barcelona ESP"]
[Date "2016.07.19"]
[Round "7.24"]
[White "Niraj, Saripalli"]
[Black "Vehi Bach, Victor Manuel"]
[Result "1-0"]
[WhiteElo "2140"]
[BlackElo "2298"]
[PlyCount "65"]
[EventDate "2016.07.13"]
[EventType "swiss"]
[EventRounds "9"]
[EventCountry "ESP"]
[SourceTitle "Ajedrez en Madrid"]
[Source "lmi"]
[SourceDate "2016.07.13"]
[SourceVersion "1"]
[SourceVersionDate "2019.06.21"]
[SourceQuality "1"]

1. e4 c5 2. Nf3 e6 3. g3 d5 4. exd5 exd5 5. d4 Nf6 6. Bg2 Be7 7. O-O O-O 8. Be3
cxd4 9. Nxd4 Nc6 10. h3 h6 11. Nc3 Re8 12. a3 Be6 13. Nxe6 fxe6 14. Ne2 e5 15.
f4 Bf8 16. fxe5 Rxe5 17. Bf4 Re8 18. Kh2 g5 19. Bc7 Qxc7 20. Rxf6 Rad8 21. Nc3
d4 22. Nd5 Qe5 23. Qh5 Bg7 24. Qg6 Rf8 25. Re6 Rxd5 26. Rxe5 Rxe5 27. Bd5+ Kh8
28. Be4 Kg8 29. Qh7+ Kf7 30. Bg6+ Ke6 31. Qxg7 Rf2+ 32. Kg1 Ree2 33. Re1 1-0

[Event "18. Obert Int. Sant Marti 2016"]
[Site "Barcelona ESP"]
[Date "2016.07.19"]
[Round "7.25"]
[White "Capellades Subirana, Marc"]
[Black "Prince, Bajaj"]
[Result "1/2-1/2"]
[WhiteElo "2153"]
[BlackElo "2279"]
[PlyCount "46"]
[EventDate "2016.07.13"]
[EventType "swiss"]
[EventRounds "9"]
[EventCountry "ESP"]
[SourceTitle "Ajedrez en Madrid"]
[Source "lmi"]
[SourceDate "2016.07.13"]
[SourceVersion "1"]
[SourceVersionDate "2019.06.21"]
[SourceQuality "1"]

1. e4 c5 2. Nf3 e6 3. d4 cxd4 4. Nxd4 Nc6 5. Nc3 Qc7 6. Be3 a6 7. Bd3 Nf6 8.
O-O Ne5 9. h3 Bc5 10. Qe2 d6 11. a4 O-O 12. a5 Bb4 13. Na4 Bxa5 14. Nb3 b6 15.
Nxa5 bxa5 16. Bb6 Qc6 17. Bxa5 Bb7 18. Rfe1 d5 19. Nc3 dxe4 20. Bxe4 Nxe4 21.
Qxe4 Rac8 22. Qxc6 Nxc6 23. Bb6 Nb4 1/2-1/2

[Event "18. Obert Int. Sant Marti 2016"]
[Site "Barcelona ESP"]
[Date "2016.07.19"]
[Round "7.26"]
[White "Harikrishnan.A.Ra"]
[Black "Hernandez Moya, Yuleisy"]
[Result "1/2-1/2"]
[WhiteElo "2138"]
[BlackElo "2260"]
[PlyCount "107"]
[EventDate "2016.07.13"]
[EventType "swiss"]
[EventRounds "9"]
[EventCountry "ESP"]
[SourceTitle "Ajedrez en Madrid"]
[Source "lmi"]
[SourceDate "2016.07.13"]
[SourceVersion "1"]
[SourceVersionDate "2019.06.21"]
[SourceQuality "1"]

1. e4 c5 2. Nf3 e6 3. d4 cxd4 4. Nxd4 Nc6 5. Nc3 Qc7 6. Be2 Nf6 7. O-O Be7 8.
Be3 O-O 9. f4 d6 10. Kh1 Nxd4 11. Qxd4 b6 12. f5 Bb7 13. fxe6 fxe6 14. Bc4 d5
15. exd5 Bc5 16. Qf4 Bd6 17. Qh4 exd5 18. Bd3 Ne4 19. Nb5 Qe7 20. Rxf8+ Qxf8
21. Nxd6 Qxd6 22. Rf1 Rf8 23. Rxf8+ Qxf8 24. Bd4 h6 25. c3 Nc5 26. Be2 Ne6 27.
Bf3 Qf5 28. Bg1 Ng5 29. Qg3 Nxf3 30. Qxf3 Qb1 31. Qf4 Kh7 32. Qc7 Ba6 33. Qxa7
Bd3 34. Qxb6 Qxa2 35. Qf2 Qb1 36. h3 Bc2 37. b4 Be4 38. Qd2 Qd3 39. Qxd3 Bxd3
40. Bd4 Kg8 41. Kg1 Kf7 42. Kf2 g6 43. Be3 h5 44. g4 hxg4 45. hxg4 Ke6 46. Bf4
Kd7 47. Ke3 Bc4 48. Kd4 Kc6 49. Ke5 Kb5 50. g5 Bb3 51. Be3 Bc4 52. Bd4 Bb3 53.
Kf6 Bc2 54. Ke5 1/2-1/2

[Event "18. Obert Int. Sant Marti 2016"]
[Site "Barcelona ESP"]
[Date "2016.07.19"]
[Round "7.27"]
[White "Adeimi, Michel"]
[Black "Ibanez Aullana, Ramon"]
[Result "1-0"]
[WhiteElo "1963"]
[BlackElo "2258"]
[PlyCount "173"]
[EventDate "2016.07.13"]
[EventType "swiss"]
[EventRounds "9"]
[EventCountry "ESP"]
[SourceTitle "Ajedrez en Madrid"]
[Source "lmi"]
[SourceDate "2016.07.13"]
[SourceVersion "1"]
[SourceVersionDate "2019.06.21"]
[SourceQuality "1"]

1. e4 e6 2. Nf3 d5 3. Nc3 Nf6 4. e5 Nfd7 5. d4 c5 6. Bg5 Qb6 7. dxc5 Bxc5 8.
Qd2 Nc6 9. O-O-O Qa5 10. a3 a6 11. Kb1 b5 12. Nxd5 Qxd2 13. Nc7+ Kf8 14. Rxd2
Ra7 15. Nxb5 axb5 16. Bxb5 Ncb8 17. b4 Be7 18. Kb2 Bxg5 19. Nxg5 Ke7 20. f4 Nb6
21. Rd6 Nd5 22. c4 Nc7 23. a4 Bb7 24. Rhd1 Nxb5 25. axb5 Bxg2 26. Rg1 Ba8 27.
Nxe6 Rd7 28. Nxg7 Be4 29. c5 Rc8 30. f5 Rxd6 31. exd6+ Kf6 32. Nh5+ Ke5 33. Ng3
Bd3 34. c6 Bxb5 35. d7 Nxd7 36. cxd7 Bxd7 37. Re1+ Kf4 38. Re4+ Kg5 39. Re7 Rd8
40. Rxf7 h5 41. Rg7+ Kf6 42. Rg6+ Ke5 43. h4 Bc8 44. Kc3 Rd1 45. f6 Be6 46.
Nxh5 Bf7 47. Rg5+ Ke6 48. Ra5 Rh1 49. Ra6+ Ke5 50. Ra5+ Ke6 51. Ra6+ Ke5 52.
Ra7 Rh3+ 53. Kd2 Bxh5 54. Ra5+ Kd4 55. Rxh5 Rf3 56. Rh6 Rf2+ 57. Ke1 Ke3 58.
Rg6 Rf5 59. Rg3+ Ke4 60. Ke2 Rxf6 61. Rg4+ Kd5 62. h5 Rh6 63. Rh4 Ke5 64. Kd3
Kd5 65. Kc3 Rc6+ 66. Kb3 Rh6 67. Rc4 Kd6 68. Rc5 Rf6 69. Rg5 Rf4 70. Ka4 Kc6
71. Rg6+ Kb7 72. h6 Rh4 73. Ka5 Rh1 74. Rf6 Rh2 75. Rf7+ Kc6 76. b5+ Kc5 77.
Rc7+ Kd6 78. Rc6+ Kd7 79. Kb6 Rh5 80. Rg6 Rh1 81. Kb7 Rh5 82. b6 Rh1 83. Rg7+
Kd6 84. h7 Rh2 85. Kc8 Rc2+ 86. Rc7 Rf2 87. h8=Q 1-0

[Event "18. Obert Int. Sant Marti 2016"]
[Site "Barcelona ESP"]
[Date "2016.07.19"]
[Round "7.28"]
[White "Herrera Reyes, Jose Antonio"]
[Black "Mendonca, Leon Luke"]
[Result "1-0"]
[WhiteElo "2253"]
[BlackElo "1964"]
[PlyCount "69"]
[EventDate "2016.07.13"]
[EventType "swiss"]
[EventRounds "9"]
[EventCountry "ESP"]
[SourceTitle "Ajedrez en Madrid"]
[Source "lmi"]
[SourceDate "2016.07.13"]
[SourceVersion "1"]
[SourceVersionDate "2019.06.21"]
[SourceQuality "1"]

1. e4 c5 2. c3 d5 3. exd5 Qxd5 4. d4 g6 5. Na3 cxd4 6. Nb5 Na6 7. Be3 Nf6 8.
Qa4 Bd7 9. O-O-O e5 10. Nf3 Qc5 11. Nfxd4 exd4 12. Bxd4 Qc6 13. Bxf6 Bh6+ 14.
Kb1 Qxf6 15. Nc7+ Nxc7 16. Qxd7+ Kf8 17. Qxc7 Kg7 18. Bd3 Bf4 19. Qa5 b6 20.
Qa6 Rhd8 21. g3 Bd6 22. f4 Bc5 23. h4 Rd7 24. f5 Rad8 25. fxg6 fxg6 26. Rdf1
Qe7 27. Bc2 Rf8 28. h5 Rdd8 29. Re1 Qd7 30. hxg6 hxg6 31. Qe2 Rf6 32. Qh2 Rg8
33. Qh7+ Kf8 34. Qxd7 Rd6 35. Re8# 1-0

[Event "18. Obert Int. Sant Marti 2016"]
[Site "Barcelona ESP"]
[Date "2016.07.19"]
[Round "7.29"]
[White "Gomez Jurado, Luis Alberto"]
[Black "Dahale, Atul"]
[Result "1-0"]
[WhiteElo "2244"]
[BlackElo "2079"]
[PlyCount "43"]
[EventDate "2016.07.13"]
[EventType "swiss"]
[EventRounds "9"]
[EventCountry "ESP"]
[SourceTitle "Ajedrez en Madrid"]
[Source "lmi"]
[SourceDate "2016.07.13"]
[SourceVersion "1"]
[SourceVersionDate "2019.06.21"]
[SourceQuality "1"]

1. g3 e5 2. c4 Nf6 3. Bg2 h6 4. Nc3 Bb4 5. Nf3 e4 6. Nd4 Bxc3 7. bxc3 O-O 8.
O-O Re8 9. f3 exf3 10. Bxf3 d6 11. d3 Nbd7 12. Rb1 Nc5 13. Bg2 c6 14. h3 Ne6
15. Nf5 Nf8 16. e4 d5 17. cxd5 cxd5 18. exd5 Nxd5 19. Qf3 Be6 20. Rxb7 Qc8 21.
Rxf7 Bxf7 22. Nxh6+ 1-0

[Event "18. Obert Int. Sant Marti 2016"]
[Site "Barcelona ESP"]
[Date "2016.07.19"]
[Round "7.30"]
[White "Hernando Rodrigo, Julio Antoni"]
[Black "Jayakumaar, S."]
[Result "1/2-1/2"]
[WhiteElo "2333"]
[BlackElo "2151"]
[PlyCount "80"]
[EventDate "2016.07.13"]
[EventType "swiss"]
[EventRounds "9"]
[EventCountry "ESP"]
[SourceTitle "Ajedrez en Madrid"]
[Source "lmi"]
[SourceDate "2016.07.13"]
[SourceVersion "1"]
[SourceVersionDate "2019.06.21"]
[SourceQuality "1"]

1. d4 d5 2. Nf3 Nf6 3. c4 e6 4. Nc3 Be7 5. Bf4 O-O 6. e3 Nbd7 7. Rc1 c5 8. Bd3
cxd4 9. exd4 dxc4 10. Bxc4 Nb6 11. Bd3 Nbd5 12. Bg3 b6 13. O-O Bb7 14. Nxd5
Nxd5 15. a3 Bf6 16. Qe2 Qe7 17. Ne5 Rac8 18. h4 Rfd8 19. h5 Rxc1 20. Rxc1 Bg5
21. Nc6 Bxc6 22. Rxc6 g6 23. hxg6 hxg6 24. Be4 Nf4 25. Bxf4 Bxf4 26. Bxg6 fxg6
27. Rxe6 Qf7 28. Qe4 Bh6 29. Rxg6+ Bg7 30. Rg3 Re8 31. Qg4 Qf6 32. Re3 Rxe3 33.
fxe3 Qc6 34. Kf2 Qc2+ 35. Kg3 Qxb2 36. Qe6+ Kh7 37. Qe4+ Kh6 38. Qe6+ Kh7 39.
Qh3+ Kg8 40. Qe6+ Kh7 1/2-1/2

[Event "18. Obert Int. Sant Marti 2016"]
[Site "Barcelona ESP"]
[Date "2016.07.19"]
[Round "7.31"]
[White "Snehal, Bhosale"]
[Black "Teichmann, Erik O M C"]
[Result "0-1"]
[WhiteElo "2150"]
[BlackElo "2312"]
[PlyCount "88"]
[EventDate "2016.07.13"]
[EventType "swiss"]
[EventRounds "9"]
[EventCountry "ESP"]
[SourceTitle "Ajedrez en Madrid"]
[Source "lmi"]
[SourceDate "2016.07.13"]
[SourceVersion "1"]
[SourceVersionDate "2019.06.21"]
[SourceQuality "1"]

1. d4 Nf6 2. c4 Nc6 3. Nf3 d6 4. Nc3 Bg4 5. d5 Nb8 6. Nd4 c5 7. Nc2 e5 8. f3
Bc8 9. e4 Be7 10. Be3 Na6 11. Bd3 Nh5 12. Qd2 h6 13. g3 Bd7 14. O-O g5 15. Kh1
Bf6 16. Ne1 Qe7 17. Be2 Rg8 18. Nd3 Bh8 19. f4 Nxg3+ 20. hxg3 gxf4 21. Bxf4
exf4 22. Qxf4 O-O-O 23. Kh2 Rdf8 24. Nb5 Bxb5 25. cxb5 Nb4 26. Bg4+ Kc7 27.
Nxb4 Be5 28. Nd3 Bxf4 29. Rxf4 Qg5 30. Rg1 h5 31. Bh3 Kb8 32. b3 h4 33. g4 Qg7
34. Rg2 Qd4 35. Nb2 f5 36. Rgf2 Qc3 37. R4f3 Qe5+ 38. Kh1 Qxe4 39. Kh2 Rf6 40.
gxf5 Qe5+ 41. Kh1 Rg3 42. Nc4 Qxd5 43. Bg2 Rxf3 44. Bxf3 Qxf5 0-1

[Event "18. Obert Int. Sant Marti 2016"]
[Site "Barcelona ESP"]
[Date "2016.07.19"]
[Round "7.32"]
[White "Tahay, Alexis"]
[Black "Gonzalez Rodriguez, Jorge A."]
[Result "0-1"]
[WhiteElo "2119"]
[BlackElo "2310"]
[PlyCount "130"]
[EventDate "2016.07.13"]
[EventType "swiss"]
[EventRounds "9"]
[EventCountry "ESP"]
[SourceTitle "Ajedrez en Madrid"]
[Source "lmi"]
[SourceDate "2016.07.13"]
[SourceVersion "1"]
[SourceVersionDate "2019.06.21"]
[SourceQuality "1"]

1. e4 e6 2. d4 d5 3. Nd2 c5 4. exd5 Qxd5 5. dxc5 Bxc5 6. Ngf3 Nf6 7. Bc4 Qh5 8.
Qe2 Nc6 9. Nf1 Bd6 10. Be3 Qa5+ 11. Bd2 Qc7 12. O-O-O a6 13. Ng3 b5 14. Bd3 O-O
15. Bc3 Bf4+ 16. Kb1 Nd5 17. Bd2 Bb7 18. Nh5 Bxd2 19. Qxd2 g6 20. Be4 gxh5 21.
Bxd5 Qe7 22. Bxc6 Bxc6 23. Rhe1 Qf6 24. Qd4 Qxd4 25. Nxd4 Bb7 26. Ne2 Rfd8 27.
Kc1 h4 28. g3 hxg3 29. hxg3 Bf3 30. Rxd8+ Rxd8 31. Rd1 Rc8 32. Rd2 Kf8 33. Nd4
Bb7 34. f4 Ke7 35. Rh2 Rg8 36. Ne2 Bf3 37. Kd2 Bxe2 38. Kxe2 Rxg3 39. Rxh7 Rg2+
40. Kd3 Rf2 41. Rh4 Kf6 42. b3 Ke7 43. a4 bxa4 44. bxa4 Kd6 45. c3 f5 46. Kd4
Re2 47. c4 Re4+ 48. Kd3 Kc5 49. Rh6 a5 50. Rh8 Rd4+ 51. Ke3 Rxc4 52. Re8 Kb4
53. Rb8+ Kxa4 54. Rb6 Re4+ 55. Kf3 Ka3 56. Rb5 a4 57. Rb6 Ka2 58. Rb7 a3 59.
Rb8 Re1 60. Rb6 Re4 61. Rb8 Ka1 62. Rb5 a2 63. Rb6 Re1 64. Kf2 Rb1 65. Rxe6 Kb2
0-1

[Event "18. Obert Int. Sant Marti 2016"]
[Site "Barcelona ESP"]
[Date "2016.07.19"]
[Round "7.33"]
[White "Ramirez Garcia, Jorge Alberto"]
[Black "Jimenez Ruano, Adrian"]
[Result "1-0"]
[WhiteElo "2264"]
[BlackElo "2089"]
[PlyCount "149"]
[EventDate "2016.07.13"]
[EventType "swiss"]
[EventRounds "9"]
[EventCountry "ESP"]
[SourceTitle "Ajedrez en Madrid"]
[Source "lmi"]
[SourceDate "2016.07.13"]
[SourceVersion "1"]
[SourceVersionDate "2019.06.21"]
[SourceQuality "1"]

1. e4 c5 2. Ne2 d6 3. g3 g6 4. Bg2 Bg7 5. d4 cxd4 6. Nxd4 Nc6 7. Ne2 Nf6 8.
Nbc3 O-O 9. h3 Nd7 10. O-O a6 11. Be3 Rb8 12. Qd2 Nde5 13. Qc1 b5 14. Bh6 Bd7
15. Bxg7 Kxg7 16. b3 Na7 17. Nd5 e6 18. Ne3 f5 19. exf5 gxf5 20. Nf4 Qe7 21.
Qd2 Rfd8 22. Qa5 b4 23. Rfe1 Bb5 24. Qxb4 Bc6 25. Qc3 Bxg2 26. Nexg2 Kf7 27.
Nh4 Rg8 28. Nf3 Nac6 29. Rad1 Rbc8 30. Qe3 Nxf3+ 31. Qxf3 Ne5 32. Qh5+ Kg7 33.
Nd3 Rxc2 34. Nxe5 dxe5 35. Rxe5 Kh8 36. Re2 Rc5 37. Qh6 Rc6 38. Red2 Rc7 39.
Qf4 Qc5 40. Rd8 Rcg7 41. Qd4 Qxd4 42. R1xd4 e5 43. Rxg8+ Rxg8 44. Rd6 f4 45.
Kg2 e4 46. Rd4 f3+ 47. Kf1 Re8 48. Ke1 e3 49. fxe3 Rxe3+ 50. Kf1 Re2 51. Ra4
Rg2 52. Rg4 h6 53. Rg6 Kh7 54. Rxa6 Rxg3 55. a4 Rxh3 56. Rf6 f2 57. Rb6 Rh4 58.
Kxf2 Kg7 59. a5 Kf7 60. a6 Ke7 61. Kg3 Rh1 62. Rb4 Rg1+ 63. Kf4 Rg8 64. a7 Ra8
65. Rb7+ Kd6 66. Ke4 Kc6 67. Rh7 Kb5 68. Kd5 h5 69. b4 Rd8+ 70. Ke6 Ra8 71. Kd6
Ka6 72. Kc6 Rc8+ 73. Rc7 Rh8 74. b5+ Ka5 75. Rh7 1-0

[Event "18. Obert Int. Sant Marti 2016"]
[Site "Barcelona ESP"]
[Date "2016.07.19"]
[Round "7.34"]
[White "Jove Grau, Lluis"]
[Black "Bannink, Bernard"]
[Result "0-1"]
[WhiteElo "2077"]
[BlackElo "2232"]
[PlyCount "64"]
[EventDate "2016.07.13"]
[EventType "swiss"]
[EventRounds "9"]
[EventCountry "ESP"]
[SourceTitle "Ajedrez en Madrid"]
[Source "lmi"]
[SourceDate "2016.07.13"]
[SourceVersion "1"]
[SourceVersionDate "2019.06.21"]
[SourceQuality "1"]

1. d4 d5 2. Nf3 Nf6 3. e3 c5 4. c4 dxc4 5. Bxc4 e6 6. O-O a6 7. a4 Nc6 8. Nc3
Qc7 9. e4 cxd4 10. Nxd4 Nxd4 11. Qxd4 Bc5 12. Qd1 O-O 13. Qe2 Bd4 14. Bd3 Rd8
15. Bg5 Bd7 16. Kh1 h6 17. Bh4 Bxc3 18. bxc3 g5 19. Bg3 e5 20. h4 Kg7 21. Rfc1
Bc6 22. hxg5 hxg5 23. Qe3 Kg6 24. Qf3 Bd7 25. Rab1 Bg4 26. Qe3 Be6 27. Be2 Nd7
28. Rb4 f6 29. f3 Nc5 30. Bf2 Rac8 31. Qxc5 Qh7+ 32. Kg1 Rh8 0-1

[Event "18. Obert Int. Sant Marti 2016"]
[Site "Barcelona ESP"]
[Date "2016.07.19"]
[Round "7.35"]
[White "Gil Quilez, Sonia"]
[Black "Larsson, Anders"]
[Result "0-1"]
[WhiteElo "2085"]
[BlackElo "2226"]
[PlyCount "98"]
[EventDate "2016.07.13"]
[EventType "swiss"]
[EventRounds "9"]
[EventCountry "ESP"]
[SourceTitle "Ajedrez en Madrid"]
[Source "lmi"]
[SourceDate "2016.07.13"]
[SourceVersion "1"]
[SourceVersionDate "2019.06.21"]
[SourceQuality "1"]

1. d4 e6 2. c4 Bb4+ 3. Nd2 d5 4. e3 Nf6 5. Qa4+ Nc6 6. Ngf3 O-O 7. a3 Bxd2+ 8.
Bxd2 Ne4 9. Bc1 Qf6 10. Be2 Nd6 11. Nd2 dxc4 12. Nxc4 b5 13. Qc2 bxc4 14. b3
Qg6 15. Qxg6 hxg6 16. bxc4 Ba6 17. Bf3 Bb7 18. c5 Nf5 19. Rb1 Rab8 20. Rxb7
Rxb7 21. Bxc6 Rb1 22. Kd2 e5 23. Kc2 Rfb8 24. Rd1 exd4 25. exd4 Ra1 26. Be4
Ra2+ 27. Kc3 Rxf2 28. Bd2 Rd8 29. Be1 Re2 30. Bf3 Re3+ 31. Kb2 Rxd4 32. Rxd4
Nxd4 33. Bg3 Nxf3 34. gxf3 c6 35. a4 f6 36. Bb8 a6 37. f4 Kf7 38. Bc7 Ke6 39.
Bd6 Kd5 40. Bf8 Kc4 41. Bxg7 f5 42. h4 Rh3 43. Bf6 Kxc5 44. Be7+ Kc4 45. Ka2
Rf3 46. Bd6 Rg3 47. Be7 Rg4 48. Bg5 Kb4 49. Kb2 Rg2+ 0-1

[Event "18. Obert Int. Sant Marti 2016"]
[Site "Barcelona ESP"]
[Date "2016.07.19"]
[Round "7.36"]
[White "Garcia Ramos, Daniel"]
[Black "Asensio Linan, Teodoro"]
[Result "1-0"]
[WhiteElo "2195"]
[BlackElo "2050"]
[PlyCount "69"]
[EventDate "2016.07.13"]
[EventType "swiss"]
[EventRounds "9"]
[EventCountry "ESP"]
[SourceTitle "Ajedrez en Madrid"]
[Source "lmi"]
[SourceDate "2016.07.13"]
[SourceVersion "1"]
[SourceVersionDate "2019.06.21"]
[SourceQuality "1"]

1. e4 e5 2. Nf3 d6 3. Bc4 Be7 4. O-O Nf6 5. d3 O-O 6. h3 c6 7. Nbd2 Nbd7 8. a3
Nc5 9. b4 Ne6 10. Bxe6 Bxe6 11. Bb2 Nd7 12. d4 Bf6 13. c4 exd4 14. Nxd4 Re8 15.
Qc2 a5 16. N2b3 a4 17. Nd2 Rc8 18. Rfe1 Bxd4 19. Bxd4 c5 20. bxc5 Nxc5 21. Bxc5
dxc5 22. Nf1 Qa5 23. Ne3 Rcd8 24. Red1 b5 25. Nd5 Bxd5 26. exd5 Rb8 27. cxb5
Qxb5 28. Rab1 Qa5 29. Rxb8 Rxb8 30. d6 Re8 31. d7 Re1+ 32. Rxe1 Qxe1+ 33. Kh2
Qe5+ 34. g3 Qd4 35. Qe4 1-0